000 01248nam2a2200289 4500
001 RU\NLR\bibl\1110111
005 20250615061234.0
021 _aRU
_b2007-38689
_92071
035 _a(NLR Aleph) 001097159
090 _a1155164
_c1155164
100 _a20070716d2006 |||y0rusy50 ca
101 0 _arus
102 _aRU
105 _ay |||||||||
200 1 _aГастроэнторология и гепатология
210 _d2006
_aБ. м.
215 _a959 с.
461 0 _1001RU\NLR\bibl\288752
_12001#$aРЛС-Доктор$v[Вып.] 10, 2007
_91663303
_cМ.
_d2002
_fРегистр лекарств. средств России
_nРЛС-2002
_oЕжегод. сб.
_tРЛС-Доктор
_v[Вып.] 10, 2007
606 1 _aФармацевтические препараты
_jСправочники
_xПрименение в гастроэнтерологии
_91401730
_3RU\NLR\auth\66277595
606 1 _aФармацевтические препараты
_jСправочники
_xПрименение в гепатологии
_92344504
_3RU\NLR\auth\661401134
686 _aР413-52я22
686 _aР413.5-52я22
801 0 _aRU
_bNLR
_c20070716
_gRCR
801 1 _aRU
_bNLR
_c20070716
942 _cBOOK
980 _aNB